Cash flow hedge accounting according to IAS 391

Finančné riziko ako riziko spojené s internými a externými zmenami vo vzťahu k účtovnej jednotke. Deriváty ako nástroj na zmierňovanie finančného rizika podľa IAS. Príklad zabezpečenia peňažných tokov z derivátov cenných papierov.

Salvato in:
Dettagli Bibliografici
Autore principale: Šlosárová, Anna
Altri autori: Bednárová, Beáta
Natura: Capitolo di libro
Lingua:slovacco
Soggetti:
Tags: Aggiungi Tag
Nessun Tag, puoi essere il primo ad aggiungerne!!

MARC

LEADER 00000nla$a2200000$$$4500
001 0195447
005 20240502083455.5
041 0 |a slo 
044 |a CZ 
245 1 0 |a Cash flow hedge accounting according to IAS 391  |c Anna Šlosárová, Beáta Bednárová 
520 |a Finančné riziko ako riziko spojené s internými a externými zmenami vo vzťahu k účtovnej jednotke. Deriváty ako nástroj na zmierňovanie finančného rizika podľa IAS. Príklad zabezpečenia peňažných tokov z derivátov cenných papierov. 
610 2 0 |a jednotka účtovná 
610 2 0 |a účtovanie 
610 2 0 |a pohľadávky 
610 2 0 |a záväzky 
610 2 0 |a deriváty 
610 2 0 |a cash flow 
610 2 0 |a závierka účtovná 
610 2 0 |a štandardy účtovné medzinárodné 
100 1 |a Šlosárová, Anna 
700 1 |a Bednárová, Beáta